[Event "Guernsey Open 2012"]
[Site "?"]
[Date "2012.10.27"]
[Round "7"]
[White "Fassaert, Desire JM"]
[Black "Kirby, Peter"]
[Result "0-1"]
[WhiteElo "1939"]
[BlackElo "1999"]
[PlyCount "158"]
[EventDate "2012.10.21"]
[EventType "swiss"]
[SourceDate "2012.10.30"]

1. Nf3 c5 2. c4 g6 3. d4 cxd4 4. Nxd4 Nf6 5. Nc3 Nc6 6. e4 d6 7. Be2 Nxd4 8.
Qxd4 Bg7 9. b3 O-O 10. Bb2 Qa5 11. O-O Nd7 12. Qd2 Nc5 13. Rfd1 Qd8 14. f4 Be6
15. Bf3 a5 16. Rac1 Qb6 17. Kh1 Qb4 18. Nd5 Bxd5 19. Bxg7 Qxd2 20. Rxd2 Kxg7
21. Rxd5 Rfc8 22. Kg1 Ra6 23. e5 dxe5 24. Rxe5 e6 25. Re3 Rd8 26. Rd1 Rxd1+ 27.
Bxd1 Rd6 28. Bf3 Rd2 29. Re2 Rd1+ 30. Kf2 Ra1 31. Ke3 Kf6 32. Rd2 Ke7 33. g3 b6
34. Bc6 Re1+ 35. Re2 Rxe2+ 36. Kxe2 Kd6 37. Bf3 f6 38. Ke3 h6 39. Bd1 e5 40.
Bc2 f5 41. fxe5+ Kxe5 42. a3 {(=)} g5 43. b4 axb4 44. axb4 Na6 45. b5 Nc5 46.
Bd1 Ne6 47. Bf3 Nd4 48. Bd5 Nxb5 49. Bg8 Nd6 50. h4 gxh4 51. gxh4 Ne4 52. Bf7
Nf6 53. Kf3 Nd7 54. Bd5 Nc5 55. Bf7 Ne6 56. Ke3 f4+ 57. Kf2 Nd4 58. Be8 Ke4 59.
Bg6+ Ke5 60. Be8 Kd6 61. Bf7 Kc5 62. Bg8 Kb4 63. Bd5 Kc3 64. Bf7 Kd3 65. Bd5 f3
66. Bf7 Ke4 67. Be8 Kf4 68. Bd7 Nf5 69. Bxf5 Kxf5 70. Kxf3 h5 71. Kg3 Ke4 72.
Kg2 Kd4 73. Kf3 Kxc4 74. Kf4 b5 75. Kg5 b4 76. Kxh5 b3 77. Kg6 b2 78. h5 b1=Q+
79. Kg7 Qg1+ 0-1

[Event "Guernsey Open 2012"]
[Site "?"]
[Date "2012.10.27"]
[Round "7"]
[White "Burton, Ronnie"]
[Black "Finke, Maurice"]
[Result "0-1"]
[WhiteElo "2013"]
[BlackElo "1910"]
[PlyCount "100"]
[EventDate "2012.10.21"]
[EventType "swiss"]
[SourceDate "2012.10.30"]

1. d4 Nf6 2. Nf3 c5 3. e3 g6 4. b3 Bg7 5. Bb2 O-O 6. Be2 b6 7. Nbd2 Bb7 8. O-O
Nc6 9. c4 cxd4 10. exd4 d5 11. Rc1 Rc8 12. a3 Re8 13. Ne5 dxc4 14. Bxc4 e6 15.
Ndf3 Na5 16. Nxf7 Bxf3 17. Nxd8 Bxd1 18. Bxe6+ Rxe6 19. Rxc8 Re8 20. Rxd1 Nb7
21. Nc6 Rxc8 22. Ne7+ Kf7 23. Nxc8 Na5 24. Rd3 Nd5 25. Nxa7 Nc7 26. b4 Nb7 27.
Nc6 Nd5 28. Ne5+ Ke6 29. g3 Nd6 30. Rd1 Nf5 31. Nc4 b5 32. Ne3 Nd6 33. Re1 Bf6
34. Ng4+ Kd7 35. Nxf6+ Nxf6 36. Bc1 Nd5 37. f3 Nc4 38. Kf2 Nc3 39. Re5 Nxe5 40.
dxe5 Ke6 41. Bb2 Nd1+ 42. Ke2 Nxb2 43. f4 Nc4 44. Kd3 Kd5 45. g4 Nxa3 46. h4
Nc4 47. Ke2 Ke4 48. e6 Kxf4 49. Kd3 Ke5 50. e7 Nd6 0-1

[Event "Guernsey Open 2012"]
[Site "?"]
[Date "2012.10.27"]
[Round "7"]
[White "Slade, Theodore"]
[Black "Von Saldern, Rudiger"]
[Result "1-0"]
[WhiteElo "1716"]
[BlackElo "1999"]
[PlyCount "41"]
[EventDate "2012.10.21"]
[EventType "swiss"]
[SourceDate "2012.10.30"]

1. d4 d5 2. Nf3 Nf6 3. e3 e6 4. Bd3 Be7 5. O-O O-O 6. b3 b6 7. Bb2 Nbd7 8. c4
Bb7 9. Nc3 Rc8 10. Qe2 c5 11. cxd5 exd5 12. Rfd1 cxd4 13. Nxd4 g6 14. Rac1 Ne4
15. Ncb5 Rxc1 16. Rxc1 a6 17. Na7 Bc5 18. Ndc6 Qa8 19. Rxc5 Re8 20. Rc1 Ndc5
21. b4 1-0

[Event "Guernsey Open 2012"]
[Site "?"]
[Date "2012.10.27"]
[Round "7"]
[White "De Kruif, Kees"]
[Black "Taylor, Mark V"]
[Result "0-1"]
[WhiteElo "1956"]
[BlackElo "2098"]
[PlyCount "38"]
[EventDate "2012.10.21"]
[EventType "swiss"]
[SourceDate "2012.10.30"]

1. b4 e5 2. Bb2 Bxb4 3. Bxe5 Nf6 4. Nc3 c6 5. Nf3 O-O 6. Rb1 Be7 7. h3 d5 8. e3
Nbd7 9. d4 Qa5 10. Qd2 Bb4 11. Rxb4 Qxb4 12. Bd3 Qe7 13. g4 Ne4 14. Nxe4 dxe4
15. Bxe4 f6 16. Qd3 fxe5 17. Bxh7+ Kh8 18. Be4 exd4 19. g5 Nc5 0-1

[Event "Guernsey Open 2012"]
[Site "?"]
[Date "2012.10.27"]
[Round "7"]
[White "Angermuende, Dirk"]
[Black "Vonhoff, Nils"]
[Result "1-0"]
[WhiteElo "2033"]
[BlackElo "1777"]
[PlyCount "87"]
[EventDate "2012.10.21"]
[EventType "swiss"]
[SourceDate "2012.10.30"]

1. e4 c5 2. c3 d5 3. exd5 Qxd5 4. d4 Nf6 5. Nf3 Bg4 6. Be2 Nc6 7. h3 Bh5 8. O-O
e6 9. Be3 cxd4 10. cxd4 Be7 11. Nc3 Qa5 12. a3 a6 13. b4 Qd8 14. Qb3 O-O 15.
Rfd1 Nd5 16. Nxd5 exd5 17. Rac1 f6 18. Rc3 Bf7 19. Rdc1 h5 20. Nd2 Bd6 21. Qd1
g6 22. Nb3 Qb8 23. Nc5 Rd8 24. Nxa6 Qa7 25. Nc5 Bxc5 26. bxc5 Na5 27. Rb1 Be8
28. Bc1 Rab8 29. Rb6 Nc6 30. Rf3 Kf7 31. Bg5 f5 32. Bxd8 Nxd8 33. Qd2 Bc6 34.
g4 hxg4 35. hxg4 Ne6 36. gxf5 gxf5 37. Rxf5+ Ke7 38. Rb3 Rg8+ 39. Kf1 Rg6 40.
Re5 Qa4 41. Rbe3 Kd7 42. Rxe6 Rxe6 43. Bg4 Qc4+ 44. Kg2 1-0

[Event "Guernsey Open 2012"]
[Site "?"]
[Date "2012.10.27"]
[Round "7"]
[White "Nebel, Uwe"]
[Black "Cummins, John"]
[Result "1-0"]
[WhiteElo "2015"]
[BlackElo "1844"]
[PlyCount "75"]
[EventDate "2012.10.21"]
[EventType "swiss"]
[SourceDate "2012.10.30"]

1. e4 c5 2. Nf3 e6 3. d4 cxd4 4. Nxd4 a6 5. Nc3 d6 6. Be2 Be7 7. O-O Nf6 8. f4
Nc6 9. Nxc6 bxc6 10. Bf3 Qb6+ 11. Kh1 O-O 12. Qe1 Qc7 13. Qg3 Kh8 14. b3 Ne8
15. Bb2 Qd8 16. Rad1 Bh4 17. Qh3 e5 18. Bg4 Bf6 19. Ne2 Bxg4 20. Qxg4 Qa5 21.
fxe5 Bxe5 22. Bxe5 dxe5 23. a4 Rd8 24. Ng3 Rxd1 25. Qxd1 Nf6 26. Qd6 Rc8 27.
Rxf6 Rd8 28. Rxf7 Kg8 29. Qe6 Kh8 30. h3 Qe1+ 31. Kh2 Qd2 32. Qe7 Rg8 33. Qxe5
Qh6 34. Nf5 Qg6 35. Nxg7 Qxf7 36. Nh5+ Rg7 37. Qxg7+ Qxg7 38. Nxg7 1-0

[Event "Guernsey Open 2012"]
[Site "?"]
[Date "2012.10.27"]
[Round "7"]
[White "Staniforth, Matthew"]
[Black "Ippel, Cornelius J"]
[Result "1-0"]
[WhiteElo "1999"]
[BlackElo "1935"]
[PlyCount "106"]
[EventDate "2012.10.21"]
[EventType "swiss"]
[SourceDate "2012.10.30"]

1. e4 e6 2. d4 d5 3. exd5 exd5 4. c4 Nf6 5. Nc3 Bb4 6. Nf3 O-O 7. Bd3 dxc4 8.
Bxc4 Re8+ 9. Be3 Nd5 10. O-O Bxc3 11. bxc3 Be6 12. Qb3 b5 13. Qxb5 Nxc3 14. Qb3
Bxc4 15. Qxc4 Nd5 16. Bg5 Qd6 17. Bh4 Nb6 18. Qc2 Nd5 19. Rac1 Na6 20. Bg3 Nf4
21. Kh1 Nb4 22. Qd2 Re4 23. Rfe1 Rxe1+ 24. Rxe1 Nbd5 25. Re4 g5 26. Nxg5 Qa6
27. Qe1 Qf6 28. Nf3 Rb8 29. Bh4 Qg6 30. Bg3 Nd3 31. Re8+ Rxe8 32. Qxe8+ Kg7 33.
h3 Qf6 34. Qb5 Ne1 35. Ng5 Qf5 36. h4 h6 37. Nh3 Nxg2 38. Be5+ f6 39. Kxg2 Qe4+
40. f3 Ne3+ 41. Kh2 Qc2+ 42. Kg3 Qg2+ 43. Kf4 Qxh3 44. Bxf6+ Kxf6 45. Qc6+ Ke7
46. Qxc7+ Ke8 47. Qb8+ Kd7 48. Qxa7+ Kc6 49. Qa6+ Kc7 50. Kxe3 Qxh4 51. Qc4+
Kb7 52. Qf7+ Kc8 53. Qf5+ Kb7 1-0

[Event "Guernsey Open 2012"]
[Site "?"]
[Date "2012.10.27"]
[Round "7"]
[White "Downey, Keith"]
[Black "Goris Schouwstra, Adry"]
[Result "1/2-1/2"]
[WhiteElo "1957"]
[BlackElo "1929"]
[PlyCount "53"]
[EventDate "2012.10.21"]
[EventType "swiss"]
[SourceDate "2012.10.30"]

1. c4 c5 2. Nf3 Nc6 3. Nc3 e6 4. g3 d5 5. cxd5 exd5 6. d4 cxd4 7. Nxd4 Bb4 8.
Bg2 Bxc3+ 9. bxc3 Nge7 10. O-O O-O 11. Nxc6 bxc6 12. e4 Ba6 13. Re1 Bc4 14. Ba3
Re8 15. Qc2 Ng6 16. Bc5 Ne5 17. Rad1 Qa5 18. Bd4 Ng6 19. Rd2 c5 20. Be3 dxe4
21. Bxe4 Rad8 22. Red1 Rxd2 23. Rxd2 Nf8 24. Kg2 h6 25. Bd5 Bxd5+ 26. Rxd5 Ne6
27. c4 1/2-1/2

[Event "Guernsey Open 2012"]
[Site "?"]
[Date "2012.10.27"]
[Round "7"]
[White "Roberts, Malcolm A"]
[Black "Dennis, Nigel W"]
[Result "1/2-1/2"]
[WhiteElo "1866"]
[BlackElo "1915"]
[PlyCount "56"]
[EventDate "2012.10.21"]
[EventType "swiss"]
[SourceDate "2012.10.30"]

1. e4 c5 2. Nf3 d6 3. Bc4 Nf6 4. Nc3 Nc6 5. h3 e6 6. a3 Be7 7. d3 a6 8. O-O O-O
9. Bd2 b5 10. Ba2 Bd7 11. Ne2 Qc7 12. Ng3 a5 13. Re1 b4 14. a4 Rfc8 15. Rc1
Rab8 16. Bb3 Bf8 17. Bg5 Ne8 18. Bf4 g6 19. Be3 Bg7 20. d4 cxd4 21. Nxd4 Nxd4
22. Bxd4 Bxd4 23. Qxd4 Qc5 24. Qd3 Rb7 25. Nf1 Qe5 26. Rb1 Rbc7 27. Ne3 Qc5 28.
Ng4 Qg5 1/2-1/2

[Event "Guernsey Open 2012"]
[Site "?"]
[Date "2012.10.27"]
[Round "7"]
[White "Gravett, Alan D"]
[Black "Biswas, Karl"]
[Result "1/2-1/2"]
[WhiteElo "1921"]
[BlackElo "1858"]
[PlyCount "55"]
[EventDate "2012.10.21"]
[EventType "swiss"]
[SourceDate "2012.10.30"]

1. g3 e6 2. Bg2 d5 3. Nf3 c6 4. O-O Nd7 5. d4 Ngf6 6. Nbd2 Bd6 7. b3 O-O 8. Bb2
Qc7 9. c4 e5 10. c5 Be7 11. Nxe5 Nxe5 12. dxe5 Ng4 13. Nf3 Bxc5 14. Rc1 Qb6 15.
Nd4 Nxe5 16. e3 Bg4 17. Qc2 Be7 18. h3 Bh5 19. Qf5 Nc4 20. Rxc4 Bg6 21. Qd7
dxc4 22. Qxe7 Rfe8 23. Qg5 h6 24. Qf4 Qa5 25. bxc4 Qxa2 26. Ba1 Qxc4 27. e4
Rad8 28. Nf5 1/2-1/2

[Event "Guernsey Open 2012"]
[Site "?"]
[Date "2012.10.27"]
[Round "7"]
[White "Murray, Steve"]
[Black "Kirk, Matthew"]
[Result "0-1"]
[WhiteElo "1858"]
[BlackElo "1719"]
[PlyCount "98"]
[EventDate "2012.10.21"]
[EventType "swiss"]
[SourceDate "2012.10.30"]

1. e4 c6 2. d4 d5 3. exd5 cxd5 4. Bd3 Nc6 5. c3 Nf6 6. Bf4 Qb6 7. Qc2 Bg4 8.
Nd2 Rc8 9. Ngf3 Nb4 10. Qa4+ Nc6 11. Rb1 Bd7 12. O-O Ne5 13. Qc2 Nxd3 14. Qxd3
Bb5 15. c4 dxc4 16. Qf5 e6 17. Rfe1 Be7 18. Qc2 O-O 19. Ne4 Nxe4 20. Rxe4 Bc6
21. Re3 Bxf3 22. Rxf3 Bf6 23. Be5 Bxe5 24. dxe5 Rfd8 25. h3 Qd4 26. Re1 Qd2 27.
Re2 Qxc2 28. Rxc2 b5 29. Rfc3 Rd5 30. a4 a6 31. axb5 axb5 32. b3 Rxe5 33. bxc4
Rec5 34. Rb2 Kf8 35. Kf1 Rxc4 36. Rcb3 Rc1+ 37. Ke2 R1c2+ 38. Ke3 Rxb2 39. Rxb2
Rb8 40. Rb4 g6 41. g4 Ke7 42. f4 f6 43. h4 Rb7 44. Ke4 f5+ 45. Kf3 Kd6 46. h5
Kc5 47. Rb1 b4 48. hxg6 hxg6 49. gxf5 gxf5 0-1